000 01974nam0a2200349 4500
001 RU\NLR\bibl\550162
005 20250609160352.0
021 _aRU
_b2004-41962
_92082
035 _a(NLR Aleph) 000542346
090 _a1420854
_c1420854
100 _a20040907d2004 |||y0rusy50 ca
101 0 _arus
102 _aRU
105 _aa |||||||||
200 1 _aСпособы оценки состояния полимерного ленточного покрытия трассового нанесения для определения участков газопровода, требующих переизоляции
_fА.С. Кузьбожев, Ю.А. Теплинский, Н.И. Мамаев, Э.В. Бурдинский
_gОткрытое АО "Газпром", Информ.-рекл. центр газовой пром-сти (ООО "ИРЦ "Газпром")
210 _aМ.
_cИРЦ Газпром
_d2004
215 _a40 с.
_cил.
_d21
225 1 _aОбзорная информация
_iСерия: Транспорт и подземное хранение газа
225 1 _aПриложение к журналу "Наука и техника в газовой промышленности"
320 _aБиблиогр.: с. 37-38 (9 назв.)
606 0 _aГазопроводы магистральные
_xТрубопроводы
_xИзоляционные покрытия полимерные
_xТехническая диагностика
_92347890
_3RU\NLR\auth\661402934
686 _aО76-082.051
701 1 _aКузьбожев
_bА. С.
_gАлександр Сергеевич
_4070
701 1 _aТеплинский
_bЮ. А.
_gЮрий Анатольевич
_4070
701 1 _aМамаев
_bН. И.
_4070
701 1 _aБурдинский
_bЭ. В.
_4070
801 0 _aRU
_bNLR
_c20040907
_gPSBO
801 1 _aRU
_bNLR
_c20040907
830 _aАвт. по кат.
942 _cBOOK
980 _aNB